[Event "4NCL Division 2a"]
[Site "Birmingham ENG"]
[Date "2015.02.15"]
[Round "6.99"]
[White "Brau, Julio"]
[Black "Gordon, Stephen J"]
[Result "0-1"]
[WhiteElo "2100"]
[BlackElo "2494"]
[PlyCount "64"]
[EventDate "2015.02.15"]

1. e4 c5 2. Nf3 e6 3. d4 cxd4 4. Nxd4 a6 5. Nc3 Qc7 6. Be2 b5 7. O-O Bb7 8. Bf3
Nc6 9. Nxc6 Bxc6 10. Re1 Rc8 11. a4 Bd6 12. axb5 axb5 13. g3 Ne7 14. Qd3 b4 15.
Nb5 Bxb5 16. Qxb5 Nc6 17. Be3 Be5 18. Red1 Bxb2 19. Ra6 O-O 20. Be2 Rb8 21. Qd3
b3 22. cxb3 Nb4 23. Ra7 Qxa7 24. Bxa7 Nxd3 25. Bxb8 Nc1 26. Rxc1 Bxc1 27. Bd6
Ra8 28. Bc4 Ba3 29. Be5 Bc5 30. g4 Ra2 31. Bg3 Rd2 32. Kf1 d5 0-1

[Event "4NCL Division 2a"]
[Site "Birmingham ENG"]
[Date "2015.02.15"]
[Round "6.99"]
[White "Ashton, Adam G"]
[Black "Beckett, Chris J"]
[Result "1/2-1/2"]
[WhiteElo "2385"]
[BlackElo "2156"]
[PlyCount "130"]
[EventDate "2015.02.15"]

1. e4 d6 2. d4 Nf6 3. Nc3 e5 4. Nf3 Nbd7 5. Bc4 Be7 6. O-O Nb6 7. Be2 exd4 8.
Qxd4 O-O 9. Re1 c6 10. Bg5 Be6 11. Rad1 Ne8 12. Bxe7 Qxe7 13. a4 Nd7 14. h3 Qf6
15. Qe3 Ne5 16. Nd4 Ng6 17. Bf1 h5 18. Nde2 Bc4 19. b3 Bxe2 20. Nxe2 Nc7 21.
Qd4 Qxd4 22. Rxd4 d5 23. exd5 Nxd5 24. Ng3 Nf6 25. Be2 Rfe8 26. Kf1 Re5 27. f4
Rd5 28. Rxd5 cxd5 29. Nxh5 Nxh5 30. Bxh5 Nxf4 31. Bg4 Kf8 32. g3 Ng6 33. Rd1
Rd8 34. Bf3 Rc8 35. Rd2 Ne7 36. Kf2 Rc3 37. h4 f6 38. Bd1 b6 39. Be2 Kf7 40.
Bd3 Rc7 41. Ke3 Ke6 42. Re2 Nc6 43. Kd2+ Ne5 44. Rf2 Re7 45. Rf1 Kd6 46. Be2
Nc6 47. h5 Re5 48. h6 gxh6 49. Rxf6+ Re6 50. Rf8 Rg6 51. g4 Ne5 52. Rf4 Ke6 53.
a5 bxa5 54. Ra4 Nc6 55. Bb5 Ke5 56. Bxc6 Rxc6 57. Rxa5 Kf4 58. Rxa7 Kxg4 59.
Rd7 h5 60. Rxd5 h4 61. c4 h3 62. Kc3 h2 63. Rd4+ Kg3 64. Rd3+ Kg2 65. Rd2+ Kg3
1/2-1/2

[Event "4NCL Division 2a"]
[Site "Birmingham ENG"]
[Date "2015.02.15"]
[Round "6.99"]
[White "Pickard, Charles"]
[Black "Horton, Andrew P"]
[Result "1/2-1/2"]
[WhiteElo "2125"]
[BlackElo "2176"]
[PlyCount "81"]
[EventDate "2015.02.15"]

1. Nf3 c5 2. c4 g6 3. d4 cxd4 4. Nxd4 Bg7 5. e4 Nc6 6. Be3 Nf6 7. Nc3 O-O 8.
Be2 d6 9. Qd2 Nxd4 10. Bxd4 Be6 11. Rc1 Qa5 12. f3 Rfc8 13. b3 Nd7 14. Bxg7
Kxg7 15. O-O a6 16. f4 f6 17. g4 b5 18. cxb5 axb5 19. Bf3 Ra7 20. Qb2 b4 21.
Ne2 Rxc1 22. Rxc1 Qxa2 23. Qxa2 Rxa2 24. Nd4 Bf7 25. Rc7 Nc5 26. Rxe7 Kf8 27.
Nc6 Be8 28. Rc7 Ne6 29. Rc8 Rc2 30. e5 dxe5 31. fxe5 fxe5 32. Rb8 Rc3 33. Nxe5
Nd4 34. Bd5 Ke7 35. Rxb4 Kd6 36. Rxd4 Kxe5 37. Rd2 Bd7 38. h3 h5 39. gxh5 gxh5
40. Bc4 Bxh3 41. Rd5+ 1/2-1/2

[Event "4NCL Division 2a"]
[Site "Birmingham ENG"]
[Date "2015.02.15"]
[Round "6.99"]
[White "Walton, Alan J"]
[Black "Somerfield, Adrian P"]
[Result "1-0"]
[WhiteElo "2130"]
[BlackElo "2102"]
[PlyCount "69"]
[EventDate "2015.02.15"]

1. d4 Nf6 2. Bg5 c5 3. d5 Ne4 4. Bf4 Qb6 5. Nc3 Qxb2 6. Nxe4 Qb4+ 7. c3 Qxe4 8.
e3 d6 9. f3 Qg6 10. Qd2 e5 11. dxe6 Qxe6 12. g3 Nc6 13. e4 Be7 14. Rb1 Qf6 15.
h4 O-O 16. Kf2 Ne5 17. Bg5 Qe6 18. Bh3 Bxg5 19. hxg5 f5 20. Bxf5 Rxf5 21. exf5
Qxf5 22. Rd1 Be6 23. Rh4 d5 24. Rf4 Qg6 25. Qe2 Nc6 26. Re1 Bd7 27. Qd2 Qd6 28.
Ne2 Ne5 29. Nc1 c4 30. Kg2 b5 31. Rd4 Bc6 32. Qf4 Re8 33. Rd2 Qb8 34. Rde2 Nd3
35. Rxe8+ 1-0

[Event "4NCL Division 2a"]
[Site "Birmingham ENG"]
[Date "2015.02.15"]
[Round "6.99"]
[White "Bamber, Elaine"]
[Black "Bentley, John L"]
[Result "1/2-1/2"]
[WhiteElo "2108"]
[BlackElo "2213"]
[PlyCount "54"]
[EventDate "2015.02.15"]

1. e4 c5 2. Nf3 g6 3. c3 d5 4. exd5 Qxd5 5. d4 Bg7 6. Be3 cxd4 7. cxd4 Nf6 8.
Nc3 Qd8 9. Bc4 O-O 10. Qd2 Nbd7 11. Bh6 Nb6 12. Be2 Be6 13. h4 Bxh6 14. Qxh6
Ng4 15. Qd2 Nc4 16. Qc1 Rc8 17. h5 Qa5 18. hxg6 fxg6 19. Bxc4 Bxc4 20. Rh4 Qf5
21. Qb1 Bd3 22. Qd1 e5 23. Rxg4 Qxg4 24. Qxd3 exd4 25. Qxd4 Qxg2 26. Qd5+ Kh8
27. Qe5+ Kg8 1/2-1/2

[Event "4NCL Division 2a"]
[Site "Birmingham ENG"]
[Date "2015.02.15"]
[Round "6.99"]
[White "Horton, Jamie A"]
[Black "Hill, Alistair"]
[Result "1/2-1/2"]
[WhiteElo "2041"]
[BlackElo "2133"]
[PlyCount "54"]
[EventDate "2015.02.15"]

1. e4 c5 2. Nf3 Nc6 3. Bb5 g6 4. Bxc6 bxc6 5. O-O Bg7 6. Re1 Nh6 7. c3 O-O 8.
d4 cxd4 9. cxd4 d5 10. e5 f6 11. exf6 exf6 12. h3 Re8 13. Nc3 Bf5 14. Rxe8+
Qxe8 15. Na4 Be4 16. Nh2 Nf7 17. Nc5 Bf8 18. Ng4 Kg7 19. Be3 Bf5 20. Nh2 Nd6
21. b3 Kg8 22. Rc1 Rc8 23. Nf1 Bd7 24. Ng3 h5 25. Qd3 Bf5 26. Qa6 h4 27. Nf1
Qf7 1/2-1/2

[Event "4NCL Division 2a"]
[Site "Birmingham ENG"]
[Date "2015.02.15"]
[Round "6.99"]
[White "Gooding, Ian"]
[Black "Lau, Jason"]
[Result "1-0"]
[WhiteElo "2024"]
[BlackElo "1827"]
[PlyCount "75"]
[EventDate "2015.02.15"]

1. e4 e5 2. Nf3 Nc6 3. Nc3 Nf6 4. Bb5 Bb4 5. O-O O-O 6. d3 d6 7. Bg5 Bxc3 8.
bxc3 Qe7 9. d4 Nd8 10. Re1 Ne6 11. Bc1 c5 12. Bf1 Rd8 13. g3 cxd4 14. cxd4 b6
15. c3 Bb7 16. Qd3 d5 17. Nxe5 dxe4 18. Qd2 Rac8 19. a4 Qc7 20. Ra3 Bd5 21. Qb2
Ne8 22. c4 Bb7 23. d5 Nc5 24. Bh3 Ra8 25. Bf4 Nd6 26. Qd4 f6 27. Ng4 h5 28. Ne3
g5 29. Bxd6 Qxd6 30. Nf5 Qf8 31. Qd1 g4 32. Bxg4 hxg4 33. Qxg4+ Kh7 34. Qh5+
Kg8 35. Qg6+ Kh8 36. g4 Nd3 37. Rxd3 exd3 38. Re3 1-0

[Event "4NCL Division 2a"]
[Site "Birmingham ENG"]
[Date "2015.02.15"]
[Round "6.99"]
[White "Leung, Ho Yan Andrew"]
[Black "Robertson, Stuart"]
[Result "0-1"]
[WhiteElo "1784"]
[BlackElo "2084"]
[PlyCount "81"]
[EventDate "2015.02.15"]

1. e4 c5 2. Nc3 Nc6 3. f4 g6 4. Nf3 Bg7 5. Bb5 Nd4 6. O-O Nxb5 7. Nxb5 d5 8. e5
a6 9. Nc3 e6 10. d4 cxd4 11. Nxd4 Ne7 12. Be3 O-O 13. Re1 Re8 14. Bf2 Qc7 15.
Qf3 Bd7 16. a4 b6 17. Ra3 Nc6 18. Nxc6 Qxc6 19. Qd3 b5 20. axb5 axb5 21. Rb3
Reb8 22. Ne2 b4 23. Nd4 Qc4 24. Qd2 Ra2 25. Rb1 Bf8 26. Rh3 Rba8 27. Nb3 Ba4
28. Nd4 Bd7 29. Nb3 Rc8 30. Nc1 Ra6 31. c3 Bb5 32. Qd3 bxc3 33. Qxc4 Bxc4 34.
Rxc3 Bb4 35. Rc2 Rb8 36. Bd4 Ba3 37. Ra1 Bc5 38. Bxc5 Rxa1 39. Ba3 Bd3 40. Rc7
Bc4 41. Kf2 0-1

[Event "4NCL Division 2a"]
[Site "Birmingham ENG"]
[Date "2015.02.15"]
[Round "6.99"]
[White "Jones, Richard S"]
[Black "Talsma, Paul"]
[Result "1/2-1/2"]
[WhiteElo "2405"]
[BlackElo "2196"]
[PlyCount "107"]
[EventDate "2015.02.15"]

1. e4 e5 2. Nf3 Nc6 3. Bb5 a6 4. Ba4 Nf6 5. O-O Nxe4 6. d4 b5 7. Bb3 d5 8. dxe5
Be6 9. Nbd2 Nc5 10. c3 Bf5 11. Bc2 Bxc2 12. Qxc2 d4 13. cxd4 Nxd4 14. Nxd4 Qxd4
15. a4 b4 16. Nc4 b3 17. Qe2 Qd3 18. Qxd3 Nxd3 19. Be3 O-O-O 20. Rfd1 Bb4 21.
Nd6+ Bxd6 22. Rxd3 Bxe5 23. Rxb3 Rd5 24. Kf1 Rhd8 25. Ke2 f5 26. g3 R8d6 27.
Rc1 Re6 28. Rb4 g6 29. Rbc4 Kd7 30. R1c2 g5 31. Kf3 Rd3 32. Kg2 h6 33. h4 Rb3
34. hxg5 hxg5 35. Bxg5 Rxb2 36. Rxc7+ Bxc7 37. Rxb2 Re4 38. Ra2 Rc4 39. Be3 a5
40. Kf3 Ke6 41. Ke2 Bd6 42. Kd3 Kd5 43. Bb6 Bb4 44. Rc2 Rxc2 45. Kxc2 Kc4 46.
Be3 Be1 47. Kd1 Bb4 48. Bd2 Bc5 49. f3 Kb3 50. Bxa5 Kxa4 51. Bc7 Kb3 52. Ke2
Kc4 53. Bf4 Kd5 54. Kd3 1/2-1/2

[Event "4NCL Division 2a"]
[Site "Birmingham ENG"]
[Date "2015.02.15"]
[Round "6.99"]
[White "Lindner, Daniel"]
[Black "Strugnell, Carl P"]
[Result "0-1"]
[WhiteElo "2217"]
[BlackElo "2245"]
[PlyCount "80"]
[EventDate "2015.02.15"]

1. c4 e5 2. g3 Nf6 3. Bg2 d5 4. cxd5 Nxd5 5. Nc3 Nb6 6. Nf3 Nc6 7. O-O Be7 8.
a3 O-O 9. d3 Re8 10. b4 Bf8 11. Bb2 a5 12. b5 Nd4 13. e3 Nxf3+ 14. Bxf3 a4 15.
Rc1 Ra5 16. Qe2 Bf5 17. Rfd1 Qc8 18. e4 Be6 19. d4 Bb3 20. Bg4 Bxd1 21. Rxd1
Qb8 22. dxe5 c6 23. f4 Qc7 24. Rc1 Bc5+ 25. Kg2 Qe7 26. bxc6 bxc6 27. Nb1 Rb5
28. f5 f6 29. Bh5 Rb8 30. exf6 gxf6 31. Ba1 Nd7 32. Nd2 Bxa3 33. Rxc6 Bb2 34.
Nf3 Bxa1 35. Qa2+ Kh8 36. Qxa1 Qxe4 37. Rd6 Rb2+ 38. Kh3 R8b4 39. Nh4 Ne5 40.
Qg1 R2b3 0-1

[Event "4NCL Division 2a"]
[Site "Birmingham ENG"]
[Date "2015.02.15"]
[Round "6.99"]
[White "Kett, Timothy J"]
[Black "Moore, Graham"]
[Result "0-1"]
[WhiteElo "2245"]
[BlackElo "2076"]
[PlyCount "78"]
[EventDate "2015.02.15"]

1. e4 e6 2. d4 d5 3. Nc3 Nf6 4. e5 Nfd7 5. f4 c5 6. Nf3 Nc6 7. Be3 a6 8. Qd2 b5
9. dxc5 Bxc5 10. Bxc5 Nxc5 11. Bd3 Qb6 12. Qf2 Rb8 13. O-O b4 14. Ne2 Na4 15.
b3 Qxf2+ 16. Kxf2 Nc5 17. Ned4 Bd7 18. Ke3 Ke7 19. Nxc6+ Bxc6 20. Nd4 Rhc8 21.
a4 Bd7 22. h4 f6 23. g4 h6 24. Rac1 Be8 25. g5 hxg5 26. hxg5 fxe5 27. fxe5 Ne4
28. Bxa6 Rc3+ 29. Bd3 Bg6 30. Nb5 Rc5 31. Bxe4 dxe4 32. Nd4 Rbc8 33. Kf4 Rc3
34. a5 Ra8 35. Ra1 Rd8 36. Nb5 Rh3 37. Nd6 Rdh8 38. Rg1 R8h4+ 39. Rg4 Rf3# 0-1

[Event "4NCL Division 2a"]
[Site "Birmingham ENG"]
[Date "2015.02.15"]
[Round "6.99"]
[White "Brown, Tom"]
[Black "Lemoir, David"]
[Result "1-0"]
[WhiteElo "2072"]
[BlackElo "2111"]
[PlyCount "71"]
[EventDate "2015.02.15"]

1. d4 d5 2. c4 Nc6 3. Nc3 e5 4. cxd5 Nxd4 5. e3 Nf5 6. Nf3 Bd6 7. Bb5+ Bd7 8.
Bxd7+ Qxd7 9. e4 Nfe7 10. O-O h6 11. Qb3 b6 12. a4 a6 13. Ne1 Nf6 14. Nd3 Ng6
15. a5 b5 16. Be3 O-O 17. f3 Nh7 18. Rfc1 Qe7 19. Ne2 f5 20. exf5 Nh4 21. Ng3
Nxf5 22. Nxf5 Rxf5 23. Nc5 Qf7 24. Ne4 g5 25. Rc6 Qg6 26. Qc2 Rf7 27. Bc5 Rd7
28. Bxd6 cxd6 29. Rc8+ Rxc8 30. Qxc8+ Nf8 31. h3 h5 32. Rf1 Kf7 33. Qxa6 Ke7
34. Qxb5 g4 35. hxg4 hxg4 36. Qe2 1-0

[Event "4NCL Division 2a"]
[Site "Birmingham ENG"]
[Date "2015.02.15"]
[Round "6.99"]
[White "Gregory, Steve"]
[Black "Hewitt, William AR"]
[Result "1-0"]
[WhiteElo "2051"]
[BlackElo "2049"]
[PlyCount "63"]
[EventDate "2015.02.15"]

1. e4 c6 2. d4 d5 3. Nc3 dxe4 4. Nxe4 Nd7 5. Bg5 Qa5+ 6. Qd2 Qxd2+ 7. Nxd2 Ngf6
8. Ngf3 e6 9. Bd3 Be7 10. O-O Nd5 11. c4 Bxg5 12. cxd5 Bxd2 13. dxe6 Ba5 14.
exd7+ Bxd7 15. h3 Be6 16. Rad1 O-O-O 17. b3 h6 18. Bc4 Rhe8 19. Rd3 Bd5 20. Re3
Bxf3 21. Rxf3 f6 22. Re3 b5 23. Bf7 Rxe3 24. fxe3 Kd7 25. Rf5 Ke7 26. Bg6 Rd5
27. Rf4 Rd8 28. Re4+ Kd6 29. Bf5 Rg8 30. Re6+ Kd5 31. Re7 g6 32. Rd7# 1-0

[Event "4NCL Division 2a"]
[Site "Birmingham ENG"]
[Date "2015.02.15"]
[Round "6.99"]
[White "Peck, Silas"]
[Black "Reid, Vaness"]
[Result "0-1"]
[WhiteElo "1907"]
[BlackElo "1828"]
[PlyCount "122"]
[EventDate "2015.02.15"]

1. e4 d5 2. exd5 Qxd5 3. Nc3 Qd8 4. d4 a6 5. Nf3 Nf6 6. Bg5 Bg4 7. Be2 e6 8.
Qd2 Be7 9. O-O-O Nbd7 10. h3 Bxf3 11. Bxf3 h6 12. Bxf6 Bxf6 13. Bxb7 Rb8 14.
Bxa6 O-O 15. Bc4 Rb4 16. Bb3 Rxd4 17. Qe2 Rxd1+ 18. Nxd1 Nc5 19. Ne3 Nxb3+ 20.
axb3 Qd4 21. c3 Qb6 22. Kc2 Rb8 23. Qc4 Bg5 24. Re1 Qb7 25. f4 Bh4 26. Rd1 Bf2
27. Ng4 Bg3 28. Rd2 Be1 29. Re2 Bg3 30. Ne5 c5 31. Nd3 Rc8 32. Kb1 Qc7 33. Re3
Bh4 34. Ne5 Bf6 35. g4 Qb7 36. Kc2 Qg2+ 37. Qe2 Qb7 38. Re4 Bxe5 39. fxe5 Rd8
40. b4 Rb8 41. Qd3 Qa7 42. Qd6 Qa4+ 43. Kb1 Ra8 44. Qd3 Qa1+ 45. Kc2 Ra2 46.
Qd8+ Kh7 47. Kb3 Rxb2+ 48. Kc4 cxb4 49. cxb4 Qb1 50. Rd4 Rxb4+ 51. Kc5 Rb5+ 52.
Kc6 Rxe5 53. Qb6 Qxb6+ 54. Kxb6 Kg6 55. h4 Rd5 56. Rf4 f6 57. Kc6 Rd1 58. Kc5
e5 59. Rb4 Rd4 60. Rxd4 exd4 61. Kxd4 h5 0-1

[Event "4NCL Division 2a"]
[Site "Birmingham ENG"]
[Date "2015.02.15"]
[Round "6.99"]
[White "Martin, Andrew"]
[Black "Sathyanandha, Saravanan"]
[Result "1-0"]
[WhiteElo "2373"]
[BlackElo "2169"]
[PlyCount "79"]
[EventDate "2015.02.15"]

1. d4 Nf6 2. c4 e6 3. Nf3 b6 4. g3 Bb7 5. Bg2 Be7 6. Nc3 Ne4 7. Bd2 f5 8. d5
O-O 9. O-O Bf6 10. Rc1 Na6 11. Be1 Qe7 12. Nd4 c6 13. e3 Rad8 14. Nxe4 fxe4 15.
dxc6 dxc6 16. Qg4 c5 17. Qxe6+ Qf7 18. Qxf7+ Rxf7 19. Nb5 Bxb2 20. Rb1 Be5 21.
Nxa7 Ra8 22. Nb5 Nc7 23. Bc3 Nxb5 24. Bxe5 Na3 25. Rxb6 Re8 26. Bc3 Nxc4 27.
Rb5 Rc7 28. Rc1 Nd6 29. Rb6 Nc4 30. Rb3 Bd5 31. Rd1 Bf7 32. Rb5 Na3 33. Ra5 Nc4
34. Ra6 h6 35. Rc1 Rd7 36. Rc6 Ra7 37. Rxc5 Rxa2 38. Rc7 Nb6 39. Bd4 Nd5 40.
Rc8 1-0

[Event "4NCL Division 2a"]
[Site "Birmingham ENG"]
[Date "2015.02.15"]
[Round "6.99"]
[White "Green, Andrew D"]
[Black "Wall, Gavin"]
[Result "1/2-1/2"]
[WhiteElo "2137"]
[BlackElo "2325"]
[PlyCount "79"]
[EventDate "2015.02.15"]

1. d4 f5 2. Bg5 g6 3. Nc3 Nh6 4. Qd2 Nf7 5. h4 h6 6. Bf4 d5 7. Nf3 Bg7 8. e3 a6
9. Bd3 Nc6 10. O-O-O e6 11. Kb1 Nb4 12. Be2 Qe7 13. a3 Nc6 14. Rdg1 g5 15. hxg5
hxg5 16. Rxh8+ Bxh8 17. Bg3 b6 18. Rh1 Bb7 19. Rh7 Kf8 20. Qd1 Bg7 21. Qh1 Rc8
22. Qh5 Qf6 23. Na2 e5 24. Nb4 Nxd4 25. exd4 f4 26. dxe5 Nxe5 27. Nxe5 Qxe5 28.
Nd3 Qf6 29. Bxf4 gxf4 30. Qg4 Kg8 31. Rh5 Rf8 32. Ne5 Bc8 33. Qf3 c6 34. Bd3
Re8 35. Bh7+ Kf8 36. Ng6+ Kf7 37. Qxf4 Qxf4 38. Nxf4 Re1+ 39. Ka2 Rf1 40. Bf5
1/2-1/2

[Event "4NCL Division 2a"]
[Site "Birmingham ENG"]
[Date "2015.02.15"]
[Round "6.99"]
[White "Povah, Nigel"]
[Black "Jones, William EG"]
[Result "1-0"]
[WhiteElo "2333"]
[BlackElo "2127"]
[PlyCount "43"]
[EventDate "2015.02.15"]

1. d4 Nf6 2. Bg5 e6 3. e4 h6 4. Bxf6 Qxf6 5. c3 d6 6. Bd3 Qg5 7. Nf3 Qxg2 8.
Rg1 Qh3 9. Nbd2 g5 10. Nf1 g4 11. Rg3 Qh5 12. N3d2 f5 13. h3 f4 14. Rxg4 e5 15.
Bb5+ c6 16. Be2 Qxh3 17. dxe5 dxe5 18. Nc4 Nd7 19. Nd6+ Bxd6 20. Qxd6 Rf8 21.
Rg7 Rf7 22. Qg6 1-0

[Event "4NCL Division 2a"]
[Site "Birmingham ENG"]
[Date "2015.02.15"]
[Round "6.99"]
[White "Grove, Michael"]
[Black "Flear, Christine"]
[Result "1/2-1/2"]
[WhiteElo "2060"]
[BlackElo "2164"]
[PlyCount "34"]
[EventDate "2015.02.15"]

1. e4 c5 2. Nf3 e6 3. c3 Nf6 4. e5 Nd5 5. d4 cxd4 6. cxd4 b6 7. Bd3 Ba6 8. O-O
Be7 9. Re1 Bxd3 10. Qxd3 O-O 11. Nc3 Nxc3 12. bxc3 d5 13. exd6 Qxd6 14. Qe4 Nd7
15. Bf4 Qa3 16. c4 Rfe8 17. Qe3 Qxe3 1/2-1/2

[Event "4NCL Division 2a"]
[Site "Birmingham ENG"]
[Date "2015.02.15"]
[Round "6.99"]
[White "Kalaiyalahan, Akshaya"]
[Black "Ball, Laurence"]
[Result "1/2-1/2"]
[WhiteElo "2015"]
[BlackElo "2097"]
[PlyCount "56"]
[EventDate "2015.02.15"]

1. d4 d6 2. Nf3 f5 3. g3 Nf6 4. Bg2 g6 5. c4 Bg7 6. O-O O-O 7. b3 c6 8. Bb2 Qe8
9. Nbd2 Ne4 10. Qc2 Nxd2 11. Nxd2 e5 12. dxe5 dxe5 13. c5 Be6 14. Nc4 Bxc4 15.
Qxc4+ Qf7 16. Qxf7+ Rxf7 17. b4 Na6 18. b5 Nxc5 19. bxc6 e4 20. Bxg7 Kxg7 21.
Rac1 b6 22. f3 Rc8 23. fxe4 fxe4 24. Rxf7+ Kxf7 25. Rc4 Rxc6 26. Bxe4 Rd6 27.
Kf2 Rd2 28. a4 Nxe4+ 1/2-1/2

[Event "4NCL Division 2a"]
[Site "Birmingham ENG"]
[Date "2015.02.15"]
[Round "6.99"]
[White "Lunn, Matthew"]
[Black "Osborne, Marcus"]
[Result "0-1"]
[WhiteElo "2038"]
[BlackElo "2190"]
[PlyCount "68"]
[EventDate "2015.02.15"]

1. d4 e6 2. c4 Nf6 3. Nc3 Bb4 4. Qc2 Nc6 5. Nf3 d6 6. Bg5 h6 7. Bd2 O-O 8. e3
Qe7 9. Bd3 e5 10. d5 Nb8 11. a3 Bxc3 12. Bxc3 a5 13. O-O Nbd7 14. Nd2 a4 15. b4
axb3 16. Nxb3 Nb6 17. f4 Ng4 18. Rfe1 Na4 19. h3 Nxc3 20. Qxc3 Nf6 21. fxe5
dxe5 22. Qb4 Qd8 23. e4 Nh5 24. Qc3 Nf4 25. Bf1 Qg5 26. Re3 b6 27. a4 Bd7 28.
a5 bxa5 29. Nc5 Nxh3+ 30. Kh2 Nf2 31. Rg3 Ng4+ 32. Kg1 Qh4 33. Rh3 Qf2+ 34. Kh1
Qxc5 0-1

[Event "4NCL Division 2a"]
[Site "Birmingham ENG"]
[Date "2015.02.15"]
[Round "6.99"]
[White "Zhang, Anthony"]
[Black "Haridas, Girinath"]
[Result "1/2-1/2"]
[WhiteElo "2129"]
[BlackElo "1949"]
[PlyCount "140"]
[EventDate "2015.02.15"]

1. d4 Nf6 2. g3 g6 3. Bg2 Bg7 4. e4 d6 5. Ne2 O-O 6. Nbc3 c6 7. O-O a5 8. a4
Na6 9. h3 e5 10. Be3 Qe7 11. Qd2 exd4 12. Bxd4 Nc5 13. f3 Be6 14. Rae1 Bc4 15.
b3 Ba6 16. Rf2 Rfe8 17. g4 Ne6 18. Be3 d5 19. e5 Nd7 20. f4 f5 21. Nd4 Nxd4 22.
Bxd4 Nc5 23. Re3 Ne6 24. gxf5 gxf5 25. Rg3 Qb4 26. Nxd5 cxd5 27. Qxb4 axb4 28.
Bxd5 Kh8 29. Bxe6 Rxe6 30. Rg5 Rg6 31. Rfg2 Rd8 32. Bc5 Rxg5 33. Rxg5 Rd1+ 34.
Kf2 Rd2+ 35. Ke3 Rxc2 36. Bxb4 Re2+ 37. Kf3 Re4 38. Be7 Be2+ 39. Kg3 Bd3 40. b4
Re3+ 41. Kf2 Re2+ 42. Kf3 Re1 43. a5 Be4+ 44. Kf2 Rd1 45. Rg3 Rd2+ 46. Ke1 Rd3
47. Rxd3 Bxd3 48. Kd2 Bf1 49. h4 Kg8 50. Ke3 Kf7 51. Bd6 Bb5 52. Kd4 Ke6 53.
Kc5 Bc6 54. a6 Be4 55. a7 b5 56. Kxb5 Bh6 57. Ka6 Bxf4 58. b5 Be3 59. b6 Bxb6
60. Kxb6 f4 61. Kc7 f3 62. Bc5 Kxe5 63. Kb8 Kf4 64. Bf2 Kg4 65. Kc7 Kh3 66. Kd6
Kg2 67. Ke5 Ba8 68. Be1 f2 69. Bxf2 Kxf2 70. Kf4 Ke2 1/2-1/2

[Event "4NCL Division 2a"]
[Site "Birmingham ENG"]
[Date "2015.02.15"]
[Round "6.99"]
[White "Maguire, Robert"]
[Black "Golding, Alex"]
[Result "0-1"]
[WhiteElo "1955"]
[BlackElo "1998"]
[PlyCount "54"]
[EventDate "2015.02.15"]

1. e4 e5 2. Nf3 Nc6 3. Bb5 a6 4. Ba4 Nf6 5. O-O b5 6. Bb3 Bc5 7. c3 d6 8. a4
Rb8 9. d4 Bb6 10. axb5 axb5 11. Na3 Bg4 12. Nxb5 Bxf3 13. gxf3 Nh5 14. f4 Nxf4
15. Bxf4 exf4 16. Qg4 Qf6 17. Ba4 Kf8 18. Nxc7 Bxc7 19. Bxc6 g6 20. b4 h5 21.
Qh3 Bb6 22. Ra8 Rxa8 23. Bxa8 Kg7 24. Bd5 h4 25. Ra1 Rh5 26. Ra8 f3 27. e5 Qg5+
0-1

[Event "4NCL Division 2a"]
[Site "Birmingham ENG"]
[Date "2015.02.15"]
[Round "6.99"]
[White "Padilla Cabero, Pablo"]
[Black "Graham, David B"]
[Result "1/2-1/2"]
[WhiteElo "2152"]
[BlackElo "2136"]
[PlyCount "49"]
[EventDate "2015.02.15"]

1. e4 e6 2. d4 d5 3. Bb5+ Bd7 4. Qe2 dxe4 5. Nd2 Nf6 6. Nh3 Be7 7. Ng5 O-O 8.
Bxd7 Qxd7 9. c3 Nc6 10. O-O e5 11. dxe5 Nxe5 12. Ngxe4 Qd3 13. Re1 Qxe2 14.
Rxe2 Nd3 15. Nxf6+ Bxf6 16. Ne4 Be7 17. Bg5 f6 18. Be3 Rfe8 19. Rd1 Rad8 20.
Ng3 g6 21. b3 Ne5 22. Rde1 Kf7 23. h3 Nd3 24. Rd1 Ne5 25. Rde1 1/2-1/2

[Event "4NCL Division 2a"]
[Site "Birmingham ENG"]
[Date "2015.02.15"]
[Round "6.99"]
[White "Cumming, Rhys"]
[Black "Headlong, Tim"]
[Result "1/2-1/2"]
[WhiteElo "2115"]
[BlackElo "2159"]
[PlyCount "113"]
[EventDate "2015.02.15"]

1. e4 c5 2. c3 d5 3. exd5 Qxd5 4. d4 Nf6 5. Nf3 e6 6. Bd3 cxd4 7. cxd4 Nc6 8.
Nc3 Qd8 9. a3 Be7 10. O-O O-O 11. Bc2 b6 12. Qd3 a5 13. Ne4 g6 14. Qe3 Re8 15.
Rd1 Nd5 16. Qe1 Bf8 17. Bg5 f6 18. Bh4 Bg7 19. Ba4 Bd7 20. Rac1 Nce7 21. Nd6
Rf8 22. Bb3 Bh6 23. Rc2 Bf4 24. Bg3 Bxg3 25. hxg3 Qb8 26. Ne4 Kg7 27. Rdc1 Rc8
28. Rxc8 Bxc8 29. Nc3 Qd6 30. Nxd5 Nxd5 31. Nd2 Ba6 32. Ne4 Qe7 33. Nc3 Qd6 34.
Nxd5 exd5 35. Rc3 Ra7 36. Qc1 Bb5 37. Qf4 Qxf4 38. gxf4 Re7 39. Bxd5 Rd7 40.
Bc6 Bxc6 41. Rxc6 Rxd4 42. g3 b5 43. Rc5 b4 44. Rxa5 bxa3 45. Rxa3 h5 46. Rf3
Rd1+ 47. Kg2 Kh6 48. Rc3 Rd2 49. b3 Rb2 50. Kf3 f5 51. Rd3 Rc2 52. Ke3 Rb2 53.
Rc3 h4 54. gxh4 Kh5 55. Kf3 Kxh4 56. Rd3 Rb1 57. Rc3 1/2-1/2

[Event "4NCL Division 2a"]
[Site "Birmingham ENG"]
[Date "2015.02.15"]
[Round "6.99"]
[White "Girdlestone, Paul"]
[Black "Lenier, Jude"]
[Result "1/2-1/2"]
[WhiteElo "2124"]
[BlackElo "2048"]
[PlyCount "41"]
[EventDate "2015.02.15"]

1. d4 Nf6 2. c4 c5 3. Nf3 cxd4 4. Nxd4 Nc6 5. Nc3 g6 6. g3 Bg7 7. Bg2 O-O 8.
O-O a6 9. e3 Re8 10. b3 Rb8 11. Bb2 h5 12. Rc1 e5 13. Nf3 d6 14. Ng5 e4 15. Qd2
Qa5 16. h4 Bg4 17. Rc2 Qf5 18. Nd5 Bf3 19. Nxf6+ Bxf6 20. Bh3 Bg4 21. Bxg4
1/2-1/2

[Event "4NCL Division 2a"]
[Site "Birmingham ENG"]
[Date "2015.02.15"]
[Round "6.99"]
[White "Bucher, Grant W"]
[Black "Martin, Lewis"]
[Result "0-1"]
[WhiteElo "2086"]
[BlackElo "2084"]
[PlyCount "56"]
[EventDate "2015.02.15"]

1. e4 c5 2. f4 d5 3. exd5 Nf6 4. Bb5+ Bd7 5. Bxd7+ Qxd7 6. c4 e6 7. Qe2 Bd6 8.
dxe6 Qxe6 9. Qxe6+ fxe6 10. Ne2 Nc6 11. Nbc3 O-O-O 12. O-O Nb4 13. a3 Nd3 14.
Rf3 Bb8 15. b3 e5 16. fxe5 Bxe5 17. b4 Rhe8 18. Rf1 Bd6 19. b5 Ng4 20. h3 Nge5
21. Nf4 Nf3+ 22. Rxf3 Bxf4 23. Rf1 Rf8 24. g4 Rde8 25. Kg2 Ne1+ 26. Kh1 Bg3 27.
Rg1 Bf2 28. Rf1 Rf3 0-1

[Event "4NCL Division 2a"]
[Site "Birmingham ENG"]
[Date "2015.02.15"]
[Round "6.99"]
[White "Hackett, Dave"]
[Black "Hoare, Amy B"]
[Result "1/2-1/2"]
[WhiteElo "2115"]
[BlackElo "2059"]
[PlyCount "111"]
[EventDate "2015.02.15"]

1. e4 e5 2. d4 exd4 3. Qxd4 Nc6 4. Qe3 Nf6 5. Bc4 Be7 6. Nf3 d6 7. h3 O-O 8.
Nc3 Re8 9. O-O h6 10. Qf4 Bf8 11. Re1 Ne5 12. Nxe5 dxe5 13. Qf3 Be6 14. Nd5 Nd7
15. Rd1 c6 16. Ne3 Bxc4 17. Nxc4 Qc7 18. Ne3 Nc5 19. Ng4 Re6 20. b4 Nd7 21. Qg3
Rg6 22. Bb2 h5 23. Rxd7 Qxd7 24. Nxe5 Rxg3 25. Nxd7 Rg6 26. Nxf8 Kxf8 27. Rd1
Ke8 28. f4 Re6 29. e5 Rd8 30. Rxd8+ Kxd8 31. f5 Re7 32. Kf2 g6 33. g4 hxg4 34.
hxg4 Rd7 35. Ke3 Rd1 36. Bd4 b6 37. a4 Rg1 38. Kf4 Rg2 39. fxg6 fxg6 40. c3 Ra2
41. Kg5 Rxa4 42. Kxg6 Ke7 43. Kf5 Ra1 44. g5 Rf1+ 45. Kg6 Rf3 46. Kh7 Rh3+ 47.
Kg7 a5 48. bxa5 bxa5 49. g6 a4 50. Bc5+ Ke6 51. Kf8 Rh8+ 52. Kg7 Ra8 53. Ba3
Kxe5 54. Kf7 Kd5 55. g7 c5 56. g8=Q 1/2-1/2

[Event "4NCL Division 2a"]
[Site "Birmingham ENG"]
[Date "2015.02.15"]
[Round "6.99"]
[White "Jones, Chris"]
[Black "Rabbitt, Mike"]
[Result "0-1"]
[WhiteElo "2035"]
[BlackElo "2019"]
[PlyCount "48"]
[EventDate "2015.02.15"]

1. e4 e5 2. d4 exd4 3. Qxd4 Nc6 4. Qe3 Nf6 5. Nc3 g6 6. Bc4 Bg7 7. Nge2 d6 8.
h3 h5 9. O-O Qe7 10. Nf4 Ne5 11. Bb3 c6 12. Rd1 O-O 13. Qg3 Kh7 14. Nd3 Nfd7
15. f4 h4 16. Qf2 Nxd3 17. cxd3 f5 18. exf5 Rxf5 19. Re1 Qd8 20. Ne4 Nc5 21.
Ng5+ Qxg5 22. Qxc5 Qxg2+ 23. Kxg2 Rxc5 24. Re8 Bxh3+ 0-1